Alternatives for building hydrographic surveying capacity in Small Island Developing States (SIDS) (Record no. 116222)

MARC details
000 -LEADER
fixed length control field 01032cad a22002535a 4500
001 - CONTROL NUMBER
control field L160107
008 - FIXED-LENGTH DATA ELEMENTS--GENERAL INFORMATION
fixed length control field 100611s2009 xxk f 000 0 eng d
035 ## - SYSTEM CONTROL NUMBER
System control number (Sirsi) u160107
041 0# - LANGUAGE CODE
Language code of text/sound track or separate title eng
110 2# - MAIN ENTRY--CORPORATE NAME
Corporate name or jurisdiction name as entry element Federation International Des Geometres
111 2# - MAIN ENTRY--MEETING NAME
Meeting name or jurisdiction name as entry element FIG Regional Conference
Number [OBSOLETE] Hanoi, Vietnam
Date of meeting or treaty signing 19-22 October 2009
245 00 - TITLE STATEMENT
Title Alternatives for building hydrographic surveying capacity in Small Island Developing States (SIDS)
Medium [electronic resource]
260 ## - PUBLICATION, DISTRIBUTION, ETC.
Place of publication, distribution, etc. Hanoi
Name of publisher, distributor, etc. FIG
Date of publication, distribution, etc. 2009
520 ## - SUMMARY, ETC.
Summary, etc. Discusses alternatives for building hydrographic surveying capacity in Small Island Developing States.
521 ## - TARGET AUDIENCE NOTE
Target audience note Advanced
590 ## - LOCAL NOTE (RLIN)
Local note KA
650 24 - SUBJECT ADDED ENTRY--TOPICAL TERM
Topical term or geographic name entry element CAPACITY ANALYSIS
650 24 - SUBJECT ADDED ENTRY--TOPICAL TERM
Topical term or geographic name entry element HYDROGRAPHIC SURVEYING
651 #4 - SUBJECT ADDED ENTRY--GEOGRAPHIC NAME
Geographic name International
690 ## - LOCAL SUBJECT ADDED ENTRY--TOPICAL TERM (OCLC, RLIN)
Topical term or geographic name as entry element Land use
9 (RLIN) 6251
700 1# - ADDED ENTRY--PERSONAL NAME
Personal name Neale, David
856 40 - ELECTRONIC LOCATION AND ACCESS
Uniform Resource Identifier <a href="https://www.rics.org/Global/Downloads/Alternatives_for_Building_Hydrographic_Surveying_Capacity_in_Small_Island_Developing_States.pdf">https://www.rics.org/Global/Downloads/Alternatives_for_Building_Hydrographic_Surveying_Capacity_in_Small_Island_Developing_States.pdf</a>
Public note View the presentation free of charge at www.rics.org
942 ## - ADDED ENTRY ELEMENTS (KOHA)
Suppress in OPAC 0
Holdings
Withdrawn status Lost status Source of classification or shelving scheme Damaged status Not for loan Home library Current library Shelving location Date acquired Total Checkouts Full call number Barcode Date last seen Copy number Price effective from Koha item type
    Dewey Decimal Classification     Virtual Virtual Online 24/05/2018   ONLINE PUBLICATION 160107-2001 06/08/2019 1 06/08/2019 Book